=LDR 00000nam 2200000 4500 =001 INLIS000000000060833 =005 20220329111501 =035 ##$$a 0010-0322000186 =007 ta =008 220329###########################0#ind## =020 ##$$a 978-602-446-272-7 =082 ##$$a 302.22 =084 ##$$a 302.22 Edi s =100 #$$a Edi Suryadi =245 1#$$a Strategi Komunikasi : $b Sebuah Analisis Teori dan Praktis Di Era Global =260 ##$$a Bandung :$b Remaja Rosdakarya,$c 2018 =300 ##$$a 164 Halaman : $b Ilustrasi ; $c 26 Cm =650 #4$$a Komunikasi Dalam Ilmu =990 ##$$a 13921392 =990 ##$$a 13921392 =990 ##$$a 13921392 =990 ##$$a 13921392